000 00434nam a22001337a 4500
008 140206b xxu||||| |||| 00| 0 eng d
050 _aBX4705.R669 D747
100 _aBishop Dowling, Kevin
_98086
245 _aArchbishop Romero, an Icon for South Africa
_cBishop Kevin Dowling C.Ss.R.
260 _aNotre Dame
_bUniversity of Notre Dame
_c2012
300 _a15p. ;
_c27cm.
600 _aRomero, Oscar
_98087
942 _2lcc
_cMONOGRAPH
999 _c119978
_d119978